Welcome to CU Library Online Public Access Catalogue (OPAC)

BASIC FINANCIAL MANAGEMENT (Record no. 8827)

MARC details
000 -LEADER
fixed length control field 00397nam a2200181 4500
005 - DATE AND TIME OF LATEST TRANSACTION
control field 20260223175017.0
008 - FIXED-LENGTH DATA ELEMENTS--GENERAL INFORMATION
fixed length control field CUC123
020 ## - INTERNATIONAL STANDARD BOOK NUMBER
International Standard Book Number 9780070599437
050 ## - LIBRARY OF CONGRESS CALL NUMBER
Classification number HG 4026 KHA
Item number 1
100 ## - MAIN ENTRY--PERSONAL NAME
Personal name KHAN, M.Y
245 ## - TITLE STATEMENT
Title BASIC FINANCIAL MANAGEMENT
250 ## - EDITION STATEMENT
Edition statement 2nd
260 ## - PUBLICATION, DISTRIBUTION, ETC.
Place of publication, distribution, etc. NEW DELHI,
Name of publisher, distributor, etc. MCGRAW- HILL
Date of publication, distribution, etc. 2005c
300 ## - PHYSICAL DESCRIPTION
Extent l.8p
500 ## - GENERAL NOTE
General note index,
700 ## - ADDED ENTRY--PERSONAL NAME
Personal name JAIN, P .K
942 ## - ADDED ENTRY ELEMENTS (KOHA)
Source of classification or shelving scheme Library of Congress Classification
Koha item type Books
Suppress in OPAC No
999 ## -
-- 8827
-- 8827
Holdings
Withdrawn status Lost status Source of classification or shelving scheme Damaged status Not for loan Collection Home library Current library Shelving location Date acquired Total checkouts Full call number Barcode Date last seen Copy number Price effective from Koha item type
    Library of Congress Classification     Non-fiction Graduate Library (Christ Temple) Graduate Library (Christ Temple) General stacks 02/23/2026   HG 4026 KHA GSCT00002890 02/23/2026 1 02/23/2026 Books
© 2023-2024 Copyright: Central University Libraries. All Rights Reserved | Created by: Mahone Tech Office